MARC

LEADER 00000nam0a2200000 4500
001 250742
005 20231101232607.0
020 |a RU  |b 89-12483 
035 |a (RuTPU)RU\TPU\book\272965 
090 |a 250742 
100 |a 20140217d1988 k y0rusy5003 ca 
101 0 |a rus 
102 |a RU 
105 |a a z 001zy 
200 1 |a Лазерная плазма и лабораторное моделирование нестационарных космических процессов  |e монография  |f Ю. П. Захаров, А. М. Оришич, А. Г. Пономаренко  |g Академия наук СССР (АН СССР), Сибирское отделение (СО), Институт теоретической и прикладной механики (ИТПМ), (Новосибирск) ; отв. ред. Н. Г. Преображенский 
210 |a Новосибирск  |c Изд-во ИТПМ  |d 1988 
215 |a 220 с.  |c ил.  |d 20 см 
320 |a Библиогр.: с. 197-217 (245 назв.) 
606 1 |a Космическая плазма  |2 stltpush  |3 (RuTPU)RU\TPU\subj\15774  |9 41984 
610 1 |a моделирование 
610 1 |a лазерная плазма 
610 1 |a сверхновые звезды 
675 |a 52-7  |v 3 
700 1 |a Захаров  |b Ю. П.  |4 070 
701 1 |a Оришич  |b А. М. 
701 1 |a Пономаренко  |b А. Г. 
702 1 |a Преображенский  |b Н. Г.  |4 340 
712 0 2 |a Академия наук СССР (АН СССР)  |b Сибирское отделение (СО)  |b Институт теоретической и прикладной механики (ИТПМ)  |b (Новосибирск)  |2 stltpush  |3 (RuTPU)RU\TPU\col\11503 
801 0 |a RU  |b RuMRKP  |c 19950417  |g psbo 
801 1 |a RU  |b 63413507  |c 20140217 
801 2 |a RU  |b 63413507  |c 20140220  |g RCR 
942 |c BK